Statistics for the biggest empires ever

Click here to take the quiz!

General Stats

  • This quiz has been taken 17 times
  • The average score is 4 of 10

Answer Stats

Hintempire% Correct
island nation near franceuk
94%
biggest nation on the iberian peninsulaspain
81%
star spangaled bannerusa
69%
beat russia in the 1300smongolia
63%
a chinese dynastyquinn
19%
umay** caphlateumayad
19%
another chinese dynastyyuan
19%
abba*** caphlateabbahad
13%
xiong**xiongnu
13%
its the second napoleonic empiresecond french
6%

Score Distribution

Percentile by Number Answered

Percent of People with Each Score

Your Score History

You have not taken this quiz